000 00733nam a2200241 a 4500
001 28663
003 BD-RjUL
005 20211209051319.0
008 140331s19541952enkab bs 001 0 eng d
035 _a(BD-RjUL)28745
040 _aHarvard Univ. Library
_cJPL
_dSER
_dBD-RjUL
_beng
041 _aeng
082 _a947
_bSED 1954
100 1 _aSeton-Watson, Hugh.
_975050
245 1 0 _aDer verfall des zarenreiches 1855-1914 /
_cby Hugh Seton-Watson.
260 _aLondon :
_bMethuen and Co.,
_c1954.
300 _axiv, 377 p. :
_bmaps, tables ;
_c23 cm.
504 _aIncludes bibliographical footnotes and index.
650 _aRussland
_987724
651 _aRussie 1855 / 1914
_987725
942 _2ddc
_cBK
999 _c28663
_d28663